| 000 | 01020nam a2200277 4500 | ||
|---|---|---|---|
| 001 | 178845 | ||
| 003 | ES-MaACL | ||
| 005 | 20250629082010.0 | ||
| 008 | 110718s2010 sp |||| |dspa d | ||
| 020 | _a978-84-8359-184-0 | ||
| 080 | _a821.134.2-14"19" | ||
| 100 | 1 |
_aBenito de Lucas, Joaquín. _927672 |
|
| 245 | 1 | 3 |
_aLa experiencia de la memoria _b: (poesía 1957-2009) / _cJoaquín Benito de Lucas ; prólogo, Pedro J. de la Peña. |
| 250 | _a1ª ed. | ||
| 260 |
_aMadrid : _bCalambur, _c2010. |
||
| 300 |
_a2 v. (679, 642 p.) ; _c23 cm. |
||
| 490 | 1 |
_aCalambur poesía ; _v105 |
|
| 504 | _aBibliografía: p. 643-[666], 605-[628] | ||
| 700 | 0 |
_aPeña, Pedro J. de la, _d1944-2023 _990243 |
|
| 710 | 1 |
_aTalavera de la Reina. _bAyuntamiento _96902 |
|
| 830 | 0 |
_aCalambur poesía _v105 _9182221 |
|
| 852 |
_aES-MaACL _9185710 _bR.145989 _jA-11355 _cDEPO1 _dOlim: N-4359 _pv.1 |
||
| 852 |
_aES-MaACL _9 200490 _bR.145989 _jA-11356 _cDEPO1 _dOlim: 4360 _pv.2 |
||
| 942 | _2udc | ||
| 999 |
_c178845 _d178845 |
||